000 00801pam a2200229 a 4500
001 3996908
005 20180123093155.0
008 960620s1996 caua b 001 0 eng
010 _a 96009680
020 _a053434559X
040 _aDLC
_cDLC
_dDLC
041 _aeng
080 _a658.302 tam
082 0 0 _a658.302 tam
_220
100 1 _a54
101 _alid
245 1 0 _aSupervisory relationships :
_cTamara L. Kaiser.
504 _aIncludes bibliographical references (p. 167-174) and index.
906 _a7
_bcbc
_corignew
_d1
_eocip
_f19
_gy-gencatlg
942 _2ddc
_cBK
999 _c40805
_d40805